000 00553nam a2200181Ia 4500
008 100917s9999 xx 000 0 und d
082 _b12850
100 _aकलगुटकर हिराकांत
245 _aचोरांची गुहा
260 _bजयहिंद प्रकाशन
_c1964
300 _a23
365 _b0.5
520 _aबालविभाग
630 _aचोरांची गुहा
650 _aबालविभाग
730 _aचोरांची गुहा
942 _cBOOK
999 _c618244
_d618241